00913nam a2200229Ia 4500003000400000005001700004008004100021020001800062040000700080041000800087082002200095100002700117245014900144260003600293300003500329365003800364650002800402906007700430942001200507999001900519952014500538OSt20230508094933.0210423s2013 xx 000 0 und d a9788126517558 cAL aeng a531.14 223bWEIG aSteven Weinberg965873 aGravitation and cosmology: principles and applications of the general theory.b: Principles and applications of the general theory of relativity aNew DelhibWiley and Sonsc2013 axxviii,657p.bPBc22.8X15.5cm. bGeneralcINR2₹559.00a₹d₹ 2PhysicsaPhysics965874 aapplications ; cosmology: ; general ; Gravitation ; principles ; theory. 2ddccBK c162393d162393 00102ddc40708PHYaSACPGbSACPGd2013-07-10eHigginbothams Pvt Ltdg559.00l0o531.14 WEIGpPG008886r2021-04-26 00:00:00w2021-04-26yBK